Score 0/24 Timer 08:00
0 Plays Today
% Correct
Cars
98.2%
Groundhog Day
92.5%
Fargo
90.1%
Napoleon Dynamite
88.2%
It's a Wonderful Life
87.5%
Field of Dreams
84.5%
Stand By Me
80.1%
To Kill a Mockingbird
76.7%
Footloose
75%
What's Eating Gilbert Grape
73.1%
The Notebook
71.9%
Signs
67.7%
% Correct
Hoosiers
64.8%
There Will Be Blood
62.5%
Pleasantville
57.4%
Friday Night Lights
57.1%
Roxanne
53.9%
American Graffiti
51%
Garden State
45.5%
The Birds
44.5%
Boys Don't Cry
41.9%
A History of Violence
37.2%
Lars and the Real Girl
37.2%
Winter's Bone
35.5%
Remove Ads.
Support Sporcle.
Get the best of Sporcle when you Go Orange. This ad-free experience offers more features, more stats, and more fun while also helping to support Sporcle. Thank you for becoming a member.

You're not logged in!

Compare scores with friends on all Sporcle quizzes.
OR
Log In

Show Comments

Extras

Top Quizzes Today


Score Distribution

Your Account Isn't Verified!

In order to create a playlist on Sporcle, you need to verify the email address you used during registration. Go to your Sporcle Settings to finish the process.

Report this User

Report this user for behavior that violates our Community Guidelines.

Details: